00524nam a2200169Ia 450000500170000000800410001702000160005808200130007410000160008724500310010326000330013430000190016750000500018694200060023695200970024299900150033920250310020708.0240331s9999 xx 000 0 und d a955956465XX bHORa323 aHorashes, A 0aGini avi saha gini keliI-4 aColombobGodake & sonsc1999 a214 p ., (v-4) aPresidential commission on political murders. cL 001040708LaWERCLbWERCLcSSCd2024-03-31l0o 323.4 HORp2837r2024-03-31w2024-03-31yL c2484d2484